00482nam a2200169 a 450000100060000000300090000600800410001504000280005608200090008410000410009324500380013426000350017230000080020749000410021565000230025665000330027921784CO-ViMGA141112s2004 ck r 000 u spa d aCO-ViMGAbspacCO-ViMGA04aLASe1 aLastrego, Cristina; Testa, Francesco10aEl dragón tomasón en el campo aBarcelona : bJuventud, c1982 a25p aLas aventuras del dragón tomasón14aCUENTOS INFANTILES14aCUENTOS INFANTILES ITALIANOS